Nebo na zemi opäť úspešné Hudobná komédia Voskovca a Wericha v Prešove

Bibliographic Details
Main Author: Mačugová, Gizela, 1914-1997 (Author)
Format: Article
Language:Slovak
Subjects:

MARC

LEADER 00000nab a2200000 a 4500
001 vtls000210517
003 SK-MaSNL
005 20260304222744.0
008 040806c1985 xo 0 slo
015 |a SNBRB19rr/mm-uuuuu 
035 |a CL0220630 
040 |a SNKBUCL  |b slo  |c SNKBUCL  |e AACR2 
041 0 |a slo 
044 |a xo  |c SK 
080 |a 792.5  |2 1981 
100 1 |a Mačugová, Gizela,  |d 1914-1997  |4 aut  |9 48700 
245 1 0 |a Nebo na zemi opäť úspešné  |b Hudobná komédia Voskovca a Wericha v Prešove  |c Gizela Mačugová 
600 1 7 |a Ježek, Jaroslav,  |d 1906-1942  |t Nebo na zemi  |2 snkbucl  |9 1226347 
600 1 7 |a Werich, Jan,  |d 1905-1980  |t Nebo na zemi  |2 snkbucl  |9 1226346 
600 1 7 |a Voskovec, Jiří,  |d 1905-1981  |t Nebo na zemi  |2 snkbucl  |9 1226345 
610 2 7 |a Divadlo Jonáša Záborského.  |b Spevohra  |2 snkbucl  |9 165798 
650 0 7 |a hudobné komédie  |2 snkbucl  |9 316769 
655 7 |a recenzie  |2 snkbucl  |9 21907 
655 7 |a články z novín a časopisov  |2 snkbucl  |9 267496 
773 0 |t Ľud  |g Roč. 38, č. 45 (22. 2. 1985), s. 6 
850 |a Slovenská národná knižnica v Martine  |a MTA001 
852 |a SNK  |b KIS3GCP 
999 |c 3164921  |d 3166851